|
|
|
|
| LEADER |
00000nam0a2200000 4500 |
| 001 |
267509 |
| 005 |
20231101234103.0 |
| 020 |
|
|
|a RU
|b 86-100886
|
| 035 |
|
|
|a (RuTPU)RU\TPU\book\290566
|
| 090 |
|
|
|a 267509
|
| 100 |
|
|
|a 20140730d1986 km y0rusy5003 ca
|
| 101 |
0 |
|
|a rus
|
| 102 |
|
|
|a RU
|
| 105 |
|
|
|a y z 001zy
|
| 200 |
1 |
|
|a Окружающая среда и мир на планете
|e [сборник статей]
|f Научный совет по исследованию проблем мира и разоружения
|
| 210 |
|
|
|a Москва
|c Наука
|d 1986
|
| 215 |
|
|
|a 98 с.
|d 21 см
|
| 225 |
1 |
|
|a Международный мир и разоружение
|v Вып. 40
|
| 320 |
|
|
|a Библиогр. в примеч. в конце статей
|
| 606 |
1 |
|
|a Мирное сосуществование
|2 stltpush
|3 (RuTPU)RU\TPU\subj\44084
|9 63458
|
| 606 |
1 |
|
|a Окружающая среда в целом
|2 stltpush
|3 (RuTPU)RU\TPU\subj\38932
|9 59176
|
| 610 |
1 |
|
|a ядерные войны
|
| 610 |
1 |
|
|a последствия
|
| 610 |
1 |
|
|a экологические проблемы
|
| 610 |
1 |
|
|a локальные конфликты
|
| 610 |
1 |
|
|a предотвращение
|
| 610 |
1 |
|
|a минерально-сырьевые ресурсы
|
| 610 |
1 |
|
|a Вьетнам
|
| 610 |
1 |
|
|a американская агрессия
|
| 610 |
1 |
|
|a 20 век
|
| 610 |
1 |
|
|a мир
|
| 610 |
1 |
|
|a ноосфера
|
| 610 |
1 |
|
|a перспектива
|
| 675 |
|
|
|a 502
|z rus
|v 3
|
| 686 |
|
|
|a Ф4(0)30
|v LBC/SL-A
|2 rubbk
|
| 712 |
0 |
2 |
|a Академия наук СССР (АН СССР)
|b Научный совет по исследованию проблем мира и разоружения
|c (1925-1991)
|2 stltpush
|3 (RuTPU)RU\TPU\col\722
|
| 801 |
|
0 |
|a RU
|b RuMRKP
|c 19950417
|g psbo
|
| 801 |
|
1 |
|a RU
|b 63413507
|c 20140730
|
| 801 |
|
2 |
|a RU
|b 63413507
|c 20160704
|g RCR
|
| 942 |
|
|
|c BK
|